Normal view
MARC view
- Sijwali B S
Entry Personal Name
001 - CONTROL NUMBER
- control field: 5796
003 - CONTROL NUMBER IDENTIFIER
- control field: OSt
005 - DATE AND TIME OF LATEST TRANSACTION
- control field: 20240203144828.0
008 - FIXED-LENGTH DATA ELEMENTS
- fixed length control field: 240203|| aca||aabn | a|a d
040 ## - CATALOGING SOURCE
- Original cataloging agency: OSt
- Transcribing agency: OSt
100 ## - HEADING--PERSONAL NAME
- Personal name: Sijwali B S
670 ## - SOURCE DATA FOUND
- Source citation: Work cat.: (OSt)13838: Sijwali B S, Analytical & Logical Reasoning for CAT & Other Management Entrance Tests.
